| 000 | 00882nac a22002411u 4500 | ||
|---|---|---|---|
| 010 | _a81018897 | ||
| 020 | _a0893971243 | ||
| 082 | 0 | 0 |
_a380.145669 _bR632 |
| 090 |
_c1722 _d1722 |
||
| 100 | _aRobbins, Peter, | ||
| 245 | 1 | 0 |
_aGuide to non-ferrous metals and their markets / _cPeter Robbins. |
| 250 | _a3rd ed. | ||
| 260 |
_aNew York : _bNichols Pub. Co., _c1982. |
||
| 300 |
_a183 p. : _bill. ; _c24 cm. |
||
| 500 | _aRev. ed. of: Guide to non-ferrous metals and their markets / John Edwards and Peter Robbins. 1979. | ||
| 500 | _aDonations | ||
| 500 | _aDonations - Dr. Mostafa Gouda | ||
| 650 | 0 | _aNonferrous metal industries. | |
| 650 | 0 | _aMarket surveys. | |
| 700 | 1 | _aEdwards, John. | |
| 942 |
_cBB _k380.145669R632 |
||
| 999 |
_c1722 _d1722 |
||